000 00368nam a2200145Ia 4500
008 240624s9999 xx 000 0 und d
041 _aeng
082 _a155.25 BHA
100 _aBHATTI J R
245 _aDYNAMICS OF PERSONALITY DEVELOPMENT AND
250 _a(2nd ed.)
260 _c2011
_aDelhi
_bPearson
300 _aviii, : 259 : p. : cm. ; 20
365 _cRS
_b30
999 _c18934
_d18934